MPK Włocławek linia 23 - Statystyki

Ogólne statystyki
  • Ten quiz został rozwiązany 11 razy
    9 od ostatniego zresetowania
  • Średni wynik to 20 z 34
Statystyki odpowiedzi
Lp Przystanek Uwagi % Poprawnych
34 Łęg .
100%
1 Dębowa (pętla) .
88%
19 Cmentarna Wariantowo
75%
29 Duninowska .
63%
15 Dziewińska .
63%
8 Fredry .
63%
28 Geberit .
63%
21 Kolanowszczyzna .
63%
24 Ostrowska (Pętla) .
63%
16 Planty .
63%
30 Płocka (Bloki) .
63%
32 Port Rzeczny N/Ż
63%
7 Smocza .
63%
5 Szkolna .
63%
4 Wiewiórcza .
63%
17 Wronia-Wiadukt .
63%
2 Zachodnia .
63%
31 Zakład Ubezpieczeń Społecznych/ZUS .
63%
14 Zbiegniewskiej .
63%
20 Basen Delfin Wariantowo
50%
33 Graniczna N/Ż
50%
9 Kryniczna N/Ż
50%
6 Mielęcińska .
50%
26 Myśliwska .
50%
13 Nowcy .
50%
27 Papieżka .
50%
3 Pocztowa .
50%
22 Ptasia .
50%
10 Skłodowskiej-Curie .
50%
18 Stadion OSIR Wariantowo
50%
23 Wojskowa .
50%
11 Wyspiańskiego .
50%
12 Żurawia .
50%
25 Żytnia .
50%
Nie znaleziono quizów pasujących do podanych kryteriów
Rozkład punktacji
Procent ludzi z każdym wynikiem
Percentyl według liczby udzielonych odpowiedzi
Twoja historia wyników
Nie rozwiązałeś tego quizu od ostatniego zresetowania